000 00545nam a2200181 i 4500
001 41552
003 ES-MaACL
005 20250722063142.0
007 t|
008 030311s1952 sp ||||1| val d
100 1 _aCasp, Xavier,
_d1915-2004
_936331
245 1 0 _aProses en carn /
_cXavier Casp ; [illustracions de Valenti Durban].
260 _aValencia :
_bTorre,
_c1952 (
_fVda. Miquel Zamit)
300 _a132 p. ;
_c18 cm.
700 1 _aDurban, Valenti.
_946281
852 _aES-MaACL
_jD-8336
_bR.33087
999 _c41552
_d41552